000 00336nam a2200133Ia 4500
008 240624s9999 xx 000 0 und d
041 _aeng
082 _a303.48 MOR
100 _aMORRIS ALDON D
245 _aFRONTIERS IN SOCIAL MOVEMENT THEORY
260 _c1992
_aLondon
_bYale University Press
300 _a400 : p.
365 _c
_b26
999 _c21065
_d21065